Innovation Marketing and Strategic Marketing

Guardado en:
Detalles Bibliográficos
Autor principal: Daneshjo, Naqibullah, 1964-
Otros Autores: Ševčíková, Renáta, 1982-, Mir, Obaidullah, Hudáková, Monika, Čechura, Lukáš, Kohla, Andreas
Formato: Libro
Lenguaje:inglés
Publicado: Lüdenscheid RAM-Verlag 2023
Edición:1st Edition
Materias:
Etiquetas: Agregar Etiqueta
Sin Etiquetas, Sea el primero en etiquetar este registro!

MARC

LEADER 00000nam a2200000 4500
001 0296302
005 20240502083953.3
020 |a 978-3-96595-034-4 
041 0 |a eng 
044 |a DE 
245 1 0 |a Innovation Marketing and Strategic Marketing  |c Naqibullah Daneshjo, Renáta Ševčíková, Obaidullah Mir ; Reviewers: Monika Hudáková, Lukáš Čechura, Andreas Kohla 
250 |a 1st Edition 
264 1 |a Lüdenscheid  |b RAM-Verlag  |c 2023 
300 |a 133 s. [6,6 AH] 
610 2 0 |a marketing strategický 
610 2 0 |a marketing 
610 2 0 |a inovácia 
610 2 0 |a marketing manažment 
610 2 0 |a manažment inovačný 
100 1 |a Daneshjo, Naqibullah, 1964- 
700 1 |a Ševčíková, Renáta, 1982- 
700 1 |a Mir, Obaidullah 
700 1 |a Hudáková, Monika 
700 1 |a Čechura, Lukáš 
700 1 |a Kohla, Andreas